00487nam a22001577a 4500003000400000020001800004082001900022100002300041245004700064250001200111260004300123300000800166942001200174952012600186999001700312SGT a9788181914859 a616.0757bT18S aShivhare, Peeyush  aTextbook of Oral Radiology & Oral Medicine a1st ed. aNew Delhi, IndiabArya Pub. Co. c2011 a924 2ddccBK 00102ddc4070aFDbFDcREFd2024-09-27iSGTUl6o616.0757 T18SpFD9562r2025-09-03 00:00:00s2025-08-29w2024-09-27yBK c26996d26996